000 00962nam a22003257a 4500
001 001010
003 DO-SdBNP
005 20171110083355.0
007 001010
008 160810b 2007 sp ||||| |||| 00| 0 spa d
020 _a8430606092
040 _aBPMSU
_bspa
_cBPMSU
082 4 _a551.6
_bF51a
092 _a
_b
100 1 _aFlannery, Tim
_d1956-.
245 1 3 _aLa amenaza del cambio climático historia y futuro /
_cTim Flannery ; traducción Damián Alou
260 _aMadrid :
_bSantillana Ediciones Generales,
_bTaurus,
_c2007
300 _a393 p. :
_bil.;
_c24 cm.
490 1 _aPensamiento
500 _aIncluye índice alfabético
504 _aBibliografía : p. 369-386
650 _aCAMBIOS CLIMÁTICOS
650 _aCALENTAMIENTO GLOBAL
650 _a
700 1 _aAlou, Damián,
_etr.
830 0 _aPensamiento
942 _2ddc
_cBK
945 _aInvetariado extranjero / 2017 VM
956 _aVMATEO
_b10
_c20160927
_dBPMSU
_20069
999 _c11494
_d11494